Statistics for Guess the Us State by Picture

Click here to take the quiz!

General Stats

  • This quiz has been taken 28 times
  • The average score is 14 of 50

Answer Stats

Answer% Correct
New York
94%
Wyoming
88%
California
76%
Alaska
71%
Washington
71%
Wisconsin
71%
Arizona
65%
Kentucky
65%
Maine
59%
Nevada
59%
Missouri
53%
South Dakota
53%
Illinois
47%
Hawaii
41%
Florida
35%
Massachusetts
35%
Michigan
35%
Colorado
29%
Montana
29%
Rhode Island
29%
Vermont
29%
Alabama
24%
Louisiana
24%
New Hampshire
24%
New Jersey
24%
Pennsylvania
24%
Tennessee
24%
Nebraska
18%
Texas
18%
Utah
18%
Georgia
12%
Idaho
12%
South Carolina
12%
Connecticut
6%
Iowa
6%
Kansas
6%
Maryland
6%
Mississippi
6%
North Carolina
6%
Ohio
6%
Oregon
6%
West Virginia
6%
Arkansas
0%
Delaware
0%
Indiana
0%
Minnesota
0%
New Mexico
0%
North Dakota
0%
Oklahoma
0%
Virginia
0%

Score Distribution

Percentile by Number Answered

Percent of People with Each Score

Your Score History

You have not taken this quiz